<The> total-quality health care revolution.

Celoštátna americká komisia pre akreditáciu zdravotníckych zariadení (JCAHO) udeľujúca t.č. oprávnenia 5600 americkým nemocniciam, sa rozhodla, že tieto zariadenia na udržanie oprávnenia k činnosti budú musieť uplatňovať opatrenia na zavedenie celoštátnych ukazovateľov liečebnej a organizačnej akost...

Ausführliche Beschreibung

Gespeichert in:
Bibliographische Detailangaben
1. Verfasser: Labovitz, G.H
Format: Buchkapitel
Sprache:Englisch
Schlagworte:
Tags: Tag hinzufügen
Keine Tags, Fügen Sie das erste Tag hinzu!

MARC

LEADER 00000naa a2200000 4500
001 r006286
005 20221213084504.1
041 0 |a eng 
044 |a US 
245 1 0 |a <The> total-quality health care revolution.  |c G.H. Labovitz 
520 |a Celoštátna americká komisia pre akreditáciu zdravotníckych zariadení (JCAHO) udeľujúca t.č. oprávnenia 5600 americkým nemocniciam, sa rozhodla, že tieto zariadenia na udržanie oprávnenia k činnosti budú musieť uplatňovať opatrenia na zavedenie celoštátnych ukazovateľov liečebnej a organizačnej akosti. Odozvou je zavádzanie totálneho riadenia akosti (TQM) v nemocniciach. Popisy uplatnenia a výsledkov systému v niektorých nemocniciach. 
610 2 0 |a riadenie kvality 
610 2 0 |a zdravotníctvo 
610 2 0 |a USA 
610 2 0 |a nemocnice 
100 1 |a Labovitz, G.H.